Score 0/15 Timer 06:00
0 Plays Today
Brand Model % Correct
Ford Mustang
95.7%
Dodge Charger
94.8%
DodgeChallenger
90.9%
ChevyCamaro
89.1%
PontiacFirebird
69.6%
Oldsmobile 442
64.8%
ChevyChevelle
64.8%
Pontiactrans-am
59.1%
Brand Model % Correct
ChevyNova
52.6%
HudsonHornet
50.9%
Plymouth Cuda
48.3%
AMCJavelin
46.1%
ChevyImpala
32.6%
PlymouthSuperbird
27%
FordGalaxie 500
1.7%
Remove Ads.
Support Sporcle.
Get the best of Sporcle when you Go Orange. This ad-free experience offers more features, more stats, and more fun while also helping to support Sporcle. Thank you for becoming a member.

You're not logged in!

Compare scores with friends on all Sporcle quizzes.
OR
Log In

Show Comments

Extras

Top Quizzes Today


Score Distribution

Your Account Isn't Verified!

In order to create a playlist on Sporcle, you need to verify the email address you used during registration. Go to your Sporcle Settings to finish the process.

Report this User

Report this user for behavior that violates our Community Guidelines.

Details: